| 000 | 01068nam a2200229Ia 4500 | ||
|---|---|---|---|
| 999 |
_c56249 _d56249 |
||
| 001 | 23351 | ||
| 003 | GE_BSU | ||
| 005 | 20250210121327.0 | ||
| 008 | 181216s2004||||ge |||||||||||||| ||geo|| | ||
| 040 | _cGE_BSU | ||
| 041 | _ageo | ||
| 080 | _a94(479.22)"1918-1921'' მ-58 | ||
| 100 |
_aმესხია, ერმილე. _91724 |
||
| 245 |
_aბრძოლა საქართველოს ერთიანობისათვის (1918-1920} წ.წ. / _cერმილე მესხია, რედ. იური სიხარულიძე |
||
| 264 |
_aბათუმი: _bაჭარა, _c2004. |
||
| 300 |
_a178 გვ.: _b20 სმ. |
||
| 520 | _aრეზ. რუს. ენ. ბიბლიოგრ. ტექსტ. შენიშვნ. | ||
| 653 | _aბრძოლა საქართველოს ერთიანობისათვის (1918-1920) წ.წ. | ||
| 653 | _aისტორია | ||
| 700 |
_aსიხარულიძე, იური _eრედაქტორი _924291 |
||
| 942 |
_cBK _2udc |
||